000
00228nam a2200097Ia 4500
001
764986
005
20250826165313.0
008
250824s9999 xx 000 0 und d
245
0
_a
ROBOSÜP
_c
SUSAN GATES
260
_b
MARTI YAYINLARI
999
_c
764986
_d
764986